| 000 | 00526nam a2200157 4500 | ||
|---|---|---|---|
| 999 |
_c17262 _d17262 |
||
| 008 | 220907b ||||| |||| 00| 0 eng d | ||
| 020 | _a9786218179608 | ||
| 082 |
_22021 _aDFil 543 _bM611 |
||
| 100 |
_aMillan, Christian. _945922 |
||
| 245 |
_aAnalytical chemistry with manual / _cChristian Millan. |
||
| 260 |
_aManila : _bEdric Publishing House., _c©2021. |
||
| 300 |
_a105 pages : _billustrations ; _c24 cm. |
||
| 500 | _aIncludes bibliographical references. | ||
| 650 |
_aChemistry, Analytic. _945923 |
||
| 942 |
_2ddc _cDFIL |
||